| 000 | 01065amm a2200349 4500 | ||
|---|---|---|---|
| 008 | 110922s2011 o | cat d | ||
| 041 | _acat | ||
| 041 | _beng | ||
| 041 | _bfre | ||
| 041 | _bspa | ||
| 080 | _a37(038) | ||
| 110 |
_aCatalunya. Departament d'Ensenyament _972698 |
||
| 245 |
_aDiccionari d'educació _h[en línia] _cGeneralitat de Catalunya. Departament d'Ensenyament; TERMCAT, Centre de Terminologia |
||
| 260 |
_aBarcelona _bTERMCAT, Centre de Terminologia _c2011 |
||
| 490 | _aDiccionaris en Línia | ||
| 500 | _aArbre de camp, categoria gramatical, sinònims, remissions | ||
| 500 | _aBibliografia | ||
| 500 | _btermcat | ||
| 520 | _a2.296 | ||
| 546 | _acatalà | ||
| 591 | _aEDUC-E | ||
| 592 | _aObra terminològica | ||
| 593 | _aRL | ||
| 650 |
_aensenyament _960660 |
||
| 650 |
_apedagogia _962892 |
||
| 710 |
_aTERMCAT _960609 |
||
| 856 | _uhttps://www.termcat.cat/ca/diccionaris-en-linia/132 | ||
| 901 | _ccop. <2011> | ||
| 902 | _a110922 | ||
| 942 |
_cMO _n0 _2ddc |
||
| 999 |
_c68544 _d68544 |
||